Fourth five year plan: a draft outline, Karnataka, 1969-74 (Record no. 497036)

000 -LEADER
fixed length control field 00282cam a22000977a 4500
008 - FIXED-LENGTH DATA ELEMENTS--GENERAL INFORMATION
fixed length control field 180718b xxu||||| |||| 00| 0 eng d
082 ## - DEWEY DECIMAL CLASSIFICATION NUMBER
Classification number T000x5444 69d
245 ## - TITLE STATEMENT
Title Fourth five year plan: a draft outline, Karnataka, 1969-74
260 ## - PUBLICATION, DISTRIBUTION, ETC.
Place of publication, distribution, etc. Bangalore
Name of publisher, distributor, etc. The Government Press
Date of publication, distribution, etc.
300 ## - PHYSICAL DESCRIPTION
Extent 297p.
Holdings
Withdrawn status Lost status Damaged status Not for loan Permanent Location Current Location Date acquired Full call number Barcode Date last seen Price effective from Koha item type
        Indian Institute of Public Administration Indian Institute of Public Administration 2018-08-04 T000x5444 69d GG11007 2018-08-04 2018-08-04 GG

Powered by Koha